Historia de México : (Record no. 93761)

MARC details
000 -CABECERA
campo de control de longitud fija 00759nam a2200205 a 4500
005 - FECHA Y HORA DE LA ÚLTIMA TRANSACCIÓN
campo de control 20220520113311.0
008 - ELEMENTOS DE LONGITUD FIJA--INFORMACIÓN GENERAL
campo de control de longitud fija 030121s1994 mx r 000 0 spa d
020 ## - NÚMERO INTERNACIONAL NORMALIZADO PARA LIBROS
Número Internacional Estándar del Libro 9682451086
035 ## - NÚMERO DE CONTROL DEL SISTEMA
Número de control de sistema UPN01000121529
049 ## - COLECCIÓN
Colección LT
050 #4 - SIGNATURA TOPOGRÁFICA DE LA BIBLIOTECA DEL CONGRESO
Número de clasificación LB1642 M6.3
Número de documento/Ítem V3.5
100 1# - ASIENTO PRINCIPAL--NOMBRE PERSONAL
Nombre de persona Vázquez, Josefina Zoraida
9 (RLIN) 29473
245 10 - MENCIÓN DE TÍTULO
Título Historia de México :
Resto del título orígenes evolución y modernidad del pueblo mexicano : 3er. grado /
Mención de responsabilidad, etc. Josefina Zoraida Vázquez, Teresa Silva Tena, Francisco González Aramburo.
260 ## - PUBLICACIÓN, DISTRIBUCIÓN, ETC.
Lugar de publicación, distribución, etc. México :
Nombre del editor, distribuidor, etc. Trillas,
Fecha de publicación, distribución, etc. 1994.
300 ## - DESCRIPCIÓN FÍSICA
Extensión 223 p. :
Otras características físicas il.
651 #4 - ASIENTO SECUNDARIO DE MATERIA - NOMBRE GEOGRAFICO
Nombre geográfico México
Subdivisión general Historia
-- Estudio y enseñanza (Secundaria)
9 (RLIN) 9913
700 1# - ASIENTO SECUNDARIO--NOMBRE DE PERSONAL
Nombre de persona Silva Tena, Teresa,
Término indicativo de función/relación coaut.
9 (RLIN) 30018
700 1# - ASIENTO SECUNDARIO--NOMBRE DE PERSONAL
Nombre de persona González Aramburo, Francisco,
Término indicativo de función/relación coaut.
905 ## - TIPO DE MATERIAL
Tipo de material Libro
Holdings
Estado de retiro Estado de pérdida Fuente del sistema de clasificación o colocación Estado dañado No para préstamo Código de colección Localización permanente Ubicación/localización actual Ubicación en estantería Fecha de adquisición Clasificación Código de barras Fecha visto por última vez Número de copia Tipo de ítem Koha
    Library of Congress Classification   Disponible (Préstamo en sala) Libros de texto Bib. Gregorio Torres Quintero Bib. Gregorio Torres Quintero Colecciones especiales Planta alta 25/05/2023 LB1642 M6.3 V3.5 132423 31/12/2020 1 Libro